000 00576nam a2200193Ia 4500
003 GCL
008 140319s9999 xx 000 0 ara d
040 _aGCL /
_cGCL
082 0 4 _a813.03
_bج ى
100 1 _aجمال الغيطانى
245 1 0 _aيومياتى المعلنة /
_cجمال الغيطانى
260 _a[S.N] :
_bدار سعاد الصباح ،
_c1992
300 _a375 ص
490 _aسلسلة يوميات
_v0
650 0 4 _aالمذكرات
650 0 4 _aالتراجم الذاتية
650 0 4 _aجمال الغيطانى
942 _2ddc
_cBK
999 _c29635
_d29635